10 największych miast Wielkiej Brytanii - Statystyki

Ogólne statystyki
  • Ten quiz został rozwiązany 361 razy
  • Średni wynik to 7 z 10
Statystyki odpowiedzi
# Populacja Miasto % Poprawnych
1. 8 961 989 Londyn
100%
8. 491 549 Liverpool
94%
6. 545 501 Manchester
93%
2. 1 137 123 Birmingham
88%
4. 621 020 Glasgow
83%
7. 513 210 Edynburg
80%
10. 362 756 Cardiff
62%
3. 812 000 Leeds
59%
9. 459 252 Bristol
39%
5. 582 506 Sheffield
36%
Nie znaleziono quizów pasujących do podanych kryteriów
Rozkład punktacji
Procent ludzi z każdym wynikiem
Percentyl według liczby udzielonych odpowiedzi
Twoja historia wyników
Nie rozwiązałeś tego quizu